MCTS windows server 2008 acive directory configuration study (Record no. 176728)

000 -LEADER
fixed length control field 00417nam a2200133Ia 4500
008 - FIXED-LENGTH DATA ELEMENTS--GENERAL INFORMATION
fixed length control field 220217s9999||||xx |||||||||||||| ||und||
020 ## - INTERNATIONAL STANDARD BOOK NUMBER
International Standard Book Number 978-81-265-1680-3
082 ## - DEWEY DECIMAL CLASSIFICATION NUMBER
Classification number 004.65 PAN
100 ## - MAIN ENTRY--PERSONAL NAME
Personal name Panek, Will and Chellis, James
9 (RLIN) 5657
245 #0 - TITLE STATEMENT
Title MCTS windows server 2008 acive directory configuration study
260 ## - PUBLICATION, DISTRIBUTION, ETC.
Place of publication, distribution, etc. John wiley & sons, Inc
Name of publisher, distributor, etc. New Delhi
Date of publication, distribution, etc. 2008
300 ## - PHYSICAL DESCRIPTION
Other physical details 540
650 ## - SUBJECT ADDED ENTRY--TOPICAL TERM
Topical term or geographic name entry element COMPUTER NETWORK
Holdings
Withdrawn status Lost status Damaged status Not for loan Collection code Home library Current library Shelving location Date acquired Full call number Barcode Date last seen Price effective from Koha item type
        Computer Science and Engineering Central Library Central Library Book Cart 02/18/2022 004.65 PAN 11917 02/18/2022 02/18/2022 Books

Powered by Koha